00691nam a2200169 i 450000100060000000300090000600500170001500700030003200800410003508000320007624502280010824600460033626000510038230000220043360000420045585200240049743096ES-MaACL20230906160730.0t|030314s1882 mx |||| |dspa d a929Teresa de Jesús, Santa04aTercer centenario de Santa Teresa de Jesús b: breve reseña de las solemnidades celebradas en Toluca el día 15 de octubre de 1882 : con los discursos y poesías leídos en la velada que con tal motivo se verificó.3 aIII Centenario de Santa Teresa de Jesús aMéjico : b[El Centinela Español], c1882. a131 p. ; c15 cm.00aTeresa de Jesús,cSanta,d1515-1582 aES-MaACLjT-408-F-1